Diaspora-Thailand - Statistics

General Stats
  • This quiz has been taken 247 times
  • The average score is 18 of 25
Answer Stats
Number of immigrants Continent Country % Correct
247.205 North America United States of America
98%
72.250 Oceania Australia
94%
20.111 Asia China
94%
50.000 Europe United Kingdom
94%
30.000 Europe France
92%
47.647 Asia Japan
89%
101.992 Asia South Korea
87%
51.000-70.000 Asia Malaysia
85%
19.010 North America Canada
84%
5.766 Europe Italy
84%
41.240 Europe Sweden
79%
8.500 Oceania New Zealand
78%
47.700 Asia Singapore
78%
15.497 Asia Laos
72%
18.324 Europe Norway
68%
20.106 Europe the Netherlands
66%
14.232 Asia United Arab Emirates
66%
64.360 Asia Taiwan
64%
12.524 Europe Denmark
63%
11.553 Europe Finland
59%
11.240 Asia Saudi Arabia
56%
9.058 Europe Switzerland
54%
28.000 Asia Israel
45%
5.466 Asia Brunei
34%
24.600 Africa Libya
13%
No matching quizzes found
Score Distribution
Percent of People with Each Score
Percentile by Number Answered
Your Score History
You have not taken this quiz